000 00751nam a2200265Ia 4500
003 OSt
005 20221006143718.0
006 a|||||r|||| 00| 0
007 ta
008 221006b |||||||| |||| 00| 0 eng d
020 _c119.00
024 _a9,738
037 _cTextual
040 _aEASL
_cEASL
_beng
041 _2eng
_aeng
082 _aX615, L7
100 _aSNYDER Glenn H
245 0 _aConflict among nationa
_b Bargaining, decision making, and system structure in international crises
260 _aPrinceton
_bPrinceton University Press
_c1977
300 _a578p.
_ccm.
490 _v Oth
700 _a DIESING Paul
942 _hX615, L7
_cTEXL
_2CC
999 _c1077824
_d1077824